000 00919cab a22001935a 4500
001 L137591
008 070417s2007 xxk f 000 0 eng d
035 _a(Sirsi) u137591
041 0 _aeng
100 1 _aSmith, Kristina
245 0 0 _aArt of gold
260 _c2007
490 0 _aConstruction Manager
_vApril 2007, 23-24(2)
520 _aReports on the project to build Colchester's new art gallery, which will house Firstsite. Various technical challenges have arisen during the project, including the fact that the site is a scheduled ancient monument containing Roman ruins. The curved roof, unique glass door and gold cladding have also added to the complex nature of the project. The art gallery is due to open in April 2008. Notes the total cost as £16.5m and the construction cost as £12.6m.
590 _aKA
651 4 _aUnited Kingdom
_y
690 _aBUILT ENVIRONMENT-BUILDING COSTS
942 _n0
999 _c78667
_d78667